Замок-выключатель; Ресурсоэффективным технологиям - энергию и энтузиазм молодых

Dettagli Bibliografici
Parent link:Ресурсоэффективным технологиям - энергию и энтузиазм молодых.— 2015.— [С. 413-416]
Autore principale: Котляров А. Ю.
Ente Autore: Национальный исследовательский Томский политехнический университет (ТПУ) Институт кибернетики (ИК) Кафедра компьютерных измерительных систем и метрологии (КИСМ)
Altri autori: Мозгалева П. И. Полина Игоревна (научный руководитель)
Riassunto:Заглавие с титульного экрана
Lingua:russo
Pubblicazione: 2015
Serie:Инициативные проекты
Soggetti:
Accesso online:http://earchive.tpu.ru/handle/11683/19324
http://www.lib.tpu.ru/fulltext/c/2015/C08/120.pdf
Natura: Elettronico Capitolo di libro
KOHA link:https://koha.lib.tpu.ru/cgi-bin/koha/opac-detail.pl?biblionumber=612379

MARC

LEADER 00000naa2a2200000 4500
001 612379
005 20260422120906.0
035 |a (RuTPU)RU\TPU\conf\10501 
035 |a RU\TPU\conf\10494 
090 |a 612379 
100 |a 20150615d2015 k y0rusy50 ca 
101 0 |a rus 
102 |a RU 
135 |a drgn ---uucaa 
181 0 |a i  
182 0 |a b 
200 1 |a Замок-выключатель  |f А. Ю. Котляров  |g науч. рук. П. И. Мозгалева 
203 |a Текст  |c электронный 
225 1 |a Инициативные проекты 
300 |a Заглавие с титульного экрана 
320 |a [Библиогр.: с. 416 (2 назв.)] 
337 |a Adobe Reader 
463 1 |0 (RuTPU)RU\TPU\conf\10353  |t Ресурсоэффективным технологиям - энергию и энтузиазм молодых  |o сборник научных трудов VI Всероссийской конференции, г. Томск, 22-24 апреля 2015 г.  |f Национальный исследовательский Томский политехнический университет (ТПУ)   |v [С. 413-416]  |d 2015 
610 1 |a труды учёных ТПУ 
610 1 |a электронный ресурс 
610 1 |a замки 
610 1 |a выключатели 
700 1 |a Котляров  |b А. Ю. 
702 1 |a Мозгалева  |b П. И.  |c специалист в области информатики и вычислительной техники  |c эксперт Томского политехнического университета, ассистент  |f 1987-  |g Полина Игоревна  |4 727 
712 0 2 |a Национальный исследовательский Томский политехнический университет (ТПУ)  |b Институт кибернетики (ИК)  |b Кафедра компьютерных измерительных систем и метрологии (КИСМ)  |3 (RuTPU)RU\TPU\col\18706 
801 2 |a RU  |b 63413507  |c 20210119  |g RCR 
856 4 |u http://earchive.tpu.ru/handle/11683/19324 
856 4 |u http://www.lib.tpu.ru/fulltext/c/2015/C08/120.pdf 
942 |c BK